Mannheimer S-Bahnhöfe (S-Bahn Rhein-Neckar) - Statistiken

Allgemein
  • Dieses Quiz wurde 346 mal gespielt
    130 seit der letzten Aktualisierung
  • Das Durchschnittsergebnis liegt bei 79 aus 194
Antwortstatistiken
S-Bahn Antwort % Korrekt
Mannheim Hauptbahnhof
86%
Heidelberg Hauptbahnhof
83%
Ludwigshafen Hauptbahnhof
78%
Neu-Edlingen/Friedrichsfeld
73%
Ludwigshafen Mitte
72%
Mannheim ARENA-Maimarkt
72%
Mannheim ARENA/Maimarkt
72%
S3+S4 Karlsruhe Hauptbahnhof
70%
Ludwigshafen Mitte
69%
Heidelberg Altstadt
66%
Heidelberg-Pfaffengrund/Wieblingen
64%
Mannheim-Seckenheim
64%
Kaiserslautern
63%
Wiesloch-Walldorf
63%
Karlsruhe-Durlach
61%
Germersheim
60%
S1+S2 Homburg (Saar)
60%
Weinheim (Bergstraße)
60%
Neckargemünd
59%
Neustadt (Weinstraße) Hbf.
59%
S6 Bensheim
58%
Mosbach (Baden)
58%
Heidelberg-Kirchheim/Rohrbach
57%
Mannheim-Waldhof
57%
Osterburken
57%
Mainz Hauptbahnhof
55%
Heidelberg Orthopädie
53%
Sinsheim (Elsenz) Hauptbahnhof
53%
Heidelberg-Weststadt/Südstadt
52%
Mannheim-Neckarau
52%
Mannheim-Rheinau
52%
Schwetzingen
52%
Bruchsal (Hauptbahnhof)
51%
Bruchsal Hauptbahnhof
51%
Hockenheim
51%
Mannheim-Friedrichsfeld Süd
51%
Schifferstadt
51%
Worms Hauptbahnhof
50%
Heidelberg-Schlierbach/Ziegelhausen
49%
Lampertheim
48%
Speyer Hauptbahnhof
48%
Ladenburg
47%
Neckarsteinach
47%
Biblis
45%
Frankenthal Hauptbahnhof
45%
Heidelberg-Weststadt/Südstadt
45%
Heppenheim (Bergstraße)
45%
Sinsheim Museum/Arena
44%
Aglasterhausen
43%
Eberbach
43%
Hirschhorn (Neckar)
43%
Eppingen
42%
Graben-Neudorf
42%
Haßloch (Pfalz)
42%
Mainz Römisches Theater
42%
Neckargemünd Altstadt
42%
St. Ilgen-Sandhausen
42%
Bad Schönborn-Kronau
41%
Bad Schönborn-Süd
41%
Heddesheim/Hirschberg
41%
Hoffenheim
41%
Limburgerhof
41%
Ludwigshafen-Oggersheim
41%
Ludwigshafen-Rheingönheim
40%
Mosbach-Neckarelz
40%
Bammental
39%
Landstuhl
39%
Meckesheim
39%
Adelsheim Nord
38%
S9 Groß-Rohrheim
38%
Neckarhausen bei Neckarsteinach
38%
Rot-Malsch
38%
Wörth am Rhein
38%
Binau
36%
Hemsbach
36%
Hochspeyer
36%
Mannheim-Neckarstadt
36%
Mauer (bei Heidelberg)
36%
Neustadt-Böbig
36%
Ludwigshafen-Mundenheim
35%
Mannheim-Handelshafen
35%
Oftersheim
35%
Böhl-Iggelheim
34%
Bürstadt
34%
Frankenstein (Pfalz)
34%
Mosbach West
34%
Zuzenhausen
34%
Frankenthal Süd
33%
Lambrecht (Pfalz)
33%
Ludwigshafen BASF Mitte
33%
Ludwigshafen BASF Nord
33%
Ludwigshafen BASF Süd
33%
Seckach
33%
Ubstadt-Weiher
33%
Laudenbach (Bergstraße)
32%
Neidenfels
32%
Speyer Nord-West
32%
Wiesental
32%
Lützelsachsen
31%
Mannheim-Luzenberg
31%
Neckargerach
31%
Neulußheim
31%
Nierstein
31%
Schifferstadt-Süd
31%
Waghäusel
31%
Bruchmühlbach-Miesau
30%
Oppenheim
30%
Steinsfurt
30%
Weingarten (Baden)
30%
Zwingenberg (Baden)
30%
Bobenheim
28%
Friedrichstal (Baden)
28%
Osthofen
28%
Blankenloch
27%
Hauptstuhl
27%
Ittlingen
27%
Philippsburg (Baden)
27%
Reilsheim
27%
Weidenthal
27%
Guntersblum
26%
Neckarbischofsheim Nord
26%
Richen (bei Eppingen)
26%
Schwetzingen-Hirschacker
26%
Untergrombach
26%
Bruchsal-Bildungszentrum
25%
Karlsruhe-Hagsfeld
25%
Lindach
25%
Reihen
25%
Waibstadt
25%
Berghausen (Pfalz)
24%
Bobstadt
24%
Germersheim-Mitte/Rhein
24%
Mainz-Laubenheim
24%
Stettfeld-Weiher
24%
Vogelweh
24%
Jockgrim
23%
Oberschefflenz
23%
Rülzheim
23%
Weinheim-Sulzbach
23%
Graben-Neudorf Nord
22%
Heiligenstein (Pfalz)
22%
Helmstadt
22%
Auerbach (bei Mosbach)
20%
Bellheim
20%
Bodenheim
20%
Bruchsal am Mantel
20%
Bruchsal Sportzentrum
20%
Einsiedlerhof
20%
Karlsdorf
20%
Maximiliansau West
20%
Neckarburken
20%
Neidenstein
20%
Zimmern bei Seckach
20%
Dallau
19%
Karlsruhe-Knielingen
19%
Kennelgarten
19%
Lingenfeld
19%
Eschelbronn
18%
Kindsbach
18%
Rheinsheim
18%
Rheinzabern
18%
Sondernheim
18%
Alsheim
17%
Eicholzheim
17%
Nackenheim
17%
Mettenheim
16%
Huttenheim
15%
Dienheim
11%
Keine übereinstimmenden Quizze gefunden
Verteilung der Resultate
Anzahl Personen mit jedem Resultat
Perzentil nach korrekt beantworteten Fragen
Ihre Resultats-Entwicklung
Sie haben dieses Quiz seit der letzten Aktualisierung nicht gespielt